000 00958cam a2200289 i 4500
001 789661
003 OSt
005 20230704122517.0
008 750220s1975 maua b 001 0 eng
010 _a 74025065
020 _a066997238X
040 _aDLC
_cDLC
_dDLC
050 0 0 _aJF1525.D4
_bM35
082 0 0 _a353
_bWHI
245 0 0 _aManagement and policy science in American government :
_bproblems and prospects /
_cedited by Michael J. White, Michael Radnor, David A. Tansik.
260 _aLexington, Mass. :
_bLexington Books,
_c[1975]
300 _axiv, 319 p. :
_bill. ;
_c24 cm.
504 _aIncludes bibliographical references and index.
650 0 _aPublic administration
_xDecision making.
650 0 _aPublic administration.
650 0 _aPolicy sciences.
700 1 _aWhite, Michael J.,
_d1942-
700 1 _aRadnor, Michael.
700 1 _aTansik, David A.
906 _a7
_bcbc
_corignew
_d1
_eocip
_f19
_gy-gencatlg
942 _2ddc
_cBK
999 _c3801
_d3801